000 00473 a2200181 4500
001 110041
041 _apor
090 _aP IK [E]
250 _a. ed.
300 _a1 v.(sem paginação)
697 _aIK - Programa - 2015.
697 _aP.E - IK - Maple Bear.
700 _aMaple Bear Global Schools.
040 _aBR-BrIDEA
_cBR-BrIDEA
245 1 0 _aProgram IK
_bP.E.
_cMaple Bear Global Schools
260 _a[S.l.]
_bMaple Bear Global Schools
_c2015
942 _cBK
999 _c110041
_d110041